| 000 | 00951nam a2200301Ia 4500 | ||
|---|---|---|---|
| 001 | Para_2129 | ||
| 003 | CHAP | ||
| 008 | 220125s1986 xx 000 0 und d | ||
| 010 | _a200743 | ||
| 040 | _cCHAP | ||
| 082 | _aPA 632.95042 F3y | ||
| 110 |
_aFAO _939428 |
||
| 245 |
_aResiduos de plaguicidas en los alimentos-1986 / _c by FAO |
||
| 260 |
_aRoma : _b La organización |
||
| 300 | _av. | ||
| 440 |
_aEstudio FAO producción y protección vegetal _938505 |
||
| 500 | _aLa biblioteca tiene: Nos. 68(1985), 77(1986), 46(1982) | ||
| 650 |
_aAlimentos _x contaminación por pesticidas _94208 |
||
| 650 |
_aPesticidas _x residuos _987570 |
||
| 710 |
_aOrganización de las Naciones Unidas; para la agricultura y la alimentación _9147757 |
||
| 901 | _aPA 632.95042 F3Y | ||
| 902 | _aA | ||
| 905 | _a0000001986 0000000000 00 | ||
| 910 | _a1986 | ||
| 942 | _cPARA | ||
| 942 |
_cPARA _d1 |
||
| 999 |
_c200743 _d200743 |
||